000 01281nam a2200325 a 4500
001 000112387
003 CHAP
005 20220329144302.0
008 160308s2016 mx |sm |||||||spa d
010 _a108848
011 _a109820
040 _cCHAP
090 _aTesis
100 1 _aTello Castañeda, Gonzalo
_9130645
245 1 0 _aEficiencia reproductiva de conejas inseminadas artificialmente con semen fresco diluido en una solución buffer salina fosfatada enriquecida adicionada con gel
_h[En línea]
_cpor Gonzalo Tello Catañeda y Soledad Velasco López.
260 _aChapingo, Méx. :
_bEl autor,
_c2016.
500 _aPara ver el contenido del material haga clic en la liga
502 _aTesis (Ing. Agr. Esp. en Zootecnia) -- UACH. Departamento de Enseñanza, Investigación y Servicio en Zootecnia
590 _aE5652GLJ
_b05
_c20160308
_lUCH01
_h1420
590 _aE5652GLJ
_b05
_c20160308
_lUCH01
_h1426
650 1 4 _aConejos
_xInseminación.
_9125898
650 1 4 _aConejos
_xReproducción.
_926378
650 1 4 _aConejos
_xSemen.
_926379
650 1 4 _aSemen
_xAnálisis.
_9130657
700 1 _aVelasco López, Soledad
_9130644
856 _aFinding aid
_uhttp://10.13.5.2/tesis/sist112387.pdf
_zTeclea aquí
901 _aBK
942 _cTESIS
942 _n0
999 _c108848
_d108848